000 00683nam a2200193Ii 4500
003 JO-AjNU
008 230605s9999||||xx |||||||||||||| ||und||
040 _aJO-AjNU
_bara
_erda
_cJO-AjNU
041 _aara
050 1 4 _aBM155.2.K42.2001
100 3 _aالخياط، عبد العزيز عزت,
_eauthor
_941231
245 0 0 _aاليهود وخرافاتهم حول انبيائهم والقدس (الاسرائيليات)
264 3 1 _aد.م:د.ن،2001
300 _a79ص
336 _atext
_btxt
_2rdacontent
337 _aunmediated
_bn
_2rdamedia
338 _avolume
_bnc
_2rdacarrier
650 4 _aيهودية-تاريخ-عقيدة يهودية-القدس-تاريخ
_941232
999 _aA17562
_c21130
_d21130